Quiz mythologique : Athéna. - Statistiques

Statistiques générales
  • Ce quiz a été pris 305 fois
  • Le résultat moyen est 8 sur 14
Statistiques - réponses
Questions Réponses % Correct
Père Zeus
99%
De quoi Athéna est-elle la déesse? Sagesse | Guerre
92%
Quel héros aida-t-elle durant son périple pour rentrer de la guerre de Troie? Ulysse
78%
À quel animal est-elle associée? Chouette
76%
Quels sont ses principaux attributs? Égide | Lance | Casque | Sarment
74%
Quel célèbre temple d'Athènes lui est dédié? Parthénon
74%
Nom romain Minerve
69%
Par quel présent fait aux Athéniens obtint-elle d'être la protectrice la cité? Olivier
59%
Quelle mortelle transforma-t-elle en araignée pour avoir oser la défier? Arachnée
53%
Elle est la seule avec ce dieu à avoir été portée par Zeus avant sa naissance. Dionysos
44%
Mère Métis
31%
Quel roi grec protégea-t-elle particulièrement durant la guerre de Troie, lui permettant de blesser deux dieux durant les combats? Diomède
13%
De quel géant, qu'elle a tué durant la Gigantomachie, utilise-t-elle la peau comme armure? Pallas
10%
Quel roi légendaire de cette cité Athéna a-t-elle élevé? Érichthonios
7%
Aucun quiz correspondant
Distribution des résultats
% des personnes avec chaque résultat
Percentile par nombre de réponses
Votre historique - résultats
Vous n’avez pas pris ce quiz